000 00553nam a22001937a 4500
003 DO-SdBNP
005 20180221102025.0
008 151208b 2007 a pn00| 0 spa d
020 _a9789962629474
040 _aBPMSU
_bspa
_cBPMSU
082 4 _axxxxxx
_bxxxxxx
100 1 _aAlvarado, Patricia V.
245 1 _aGuillermo gusano salva el canal /
_cPatricia V. Alvarado
260 _aPanamá :
_bPiggy press,
_c2007.
300 _a32 p. :
_bil. ;
_c14 cm.
942 _2ddc
_cBK
945 _aInventariado, 2018 / BT
956 _aBTAVAREZ
_b10
_d20180221
_fBPMSU
_h0038
999 _c9053
_d9053